Profissões - Statistics

Estatísticas Gerais
  • Esse quiz foi jogado 359 vezes
  • A pontuação média é 10 de 15
Estatísticas das Respostas
Imagem Resposta % Correto
Polícia
91%
Dentista
90%
Professor
90%
Pedreiro
89%
Jardineiro
84%
Barbeiro
79%
Advogado
72%
Ator
70%
Pintor
66%
Florista
65%
Cabeleireiro
61%
Cientista
61%
Carpinteiro
50%
Cantora
21%
Ófotomologista
1%
Nenhum quiz correspondente encontrado
Distribuição das Pontuações
Porcentagem de Pessoas com Cada Pontuação
Percentil de Números Respondidos
Sua Pontuação Histórica
Você não jogou esse quiz